000 00422nam a22001697a 4500
003 MPLRDC
005 20220104143141.0
008 210129b ||||| |||| 00| 0 eng d
020 _a967-934-147-X
082 _a803.92 LYC
100 _a黎煜才等著
245 _a国语实用指南
_c
260 _a
_b马来亚文化事业有限公司
_c1992
300 _b
650 _a马来亚语
942 _cBK
_o803.92 LYC
999 _c37128
_d37118